| 000 | 00466nam a22001937a 4500 | ||
|---|---|---|---|
| 003 | OSt | ||
| 005 | 20180116183049.0 | ||
| 008 | 160727b xxu||||| |||| 00| 0 eng d | ||
| 020 | _a9780618056385 | ||
| 040 | _c0 | ||
| 082 | _a658 KRE 2001 | ||
| 100 | _aRobert Kreitner | ||
| 245 |
_aManagement _c Robert Kreitner |
||
| 250 | _a8th | ||
| 260 |
_aUSA _bHoughton Mifflin Company _c2001 |
||
| 300 |
_a125 p. _bHB |
||
| 440 | _aManagement | ||
| 942 |
_2ddc _cBK |
||
| 999 |
_c351561 _d351561 |
||